Fr. Conceicao Rodrigues College of Engineering

Drones in IOT Enabled spaces ( smart city 5G) (Record no. 35979)

MARC details
000 -LEADER
fixed length control field 00266 a2200109 4500
000 - LEADER
fixed length control field nam a22 7a 4500
020 ## - INTERNATIONAL STANDARD BOOK NUMBER
International Standard Book Number 9781032599281
100 ## - MAIN ENTRY--PERSONAL NAME
Personal name Turjman,Fadi AL
9 (RLIN) 93
245 ## - TITLE STATEMENT
Title Drones in IOT Enabled spaces ( smart city 5G)
260 ## - PUBLICATION, DISTRIBUTION, ETC.
Name of publisher, distributor, etc. CRC
Date of publication, distribution, etc. 2019
264 ## - PRODUCTION, PUBLICATION, DISTRIBUTION, MANUFACTURE, AND COPYRIGHT NOTICE
Name of producer, publisher, distributor, manufacturer CRC

No items available.